000 00289nam a22001097a 4500
008 180806b xxu||||| |||| 00| 0 eng d
082 _a813.52
245 _aRadiological Terrorism: Just in Time Training for Hospital Clinicians
_cCDC
260 _c2005
300 _a1
_fCD
942 _2ddc
_cMX
999 _c46798
_d46798